Le colonie italiane di diretto dominio (Record no. 129037)

MARC details
000 -LEADER
campo de control de longitud fija 00498nam a2200157 i 4500
001 - NÚMERO DE CONTROL
campo de control 129037
003 - IDENTIFICADOR DE NÚMERO DE CONTROL
campo de control ES-MaACL
005 - FECHA Y HORA DE LA ÚLTIMA TRANSACCIÓN
campo de control 20230906193427.0
007 - CAMPO FIJO DE DESCRIPCIÓN FÍSICA--INFORMACIÓN GENERAL
campo de control de longitud fija t|
008 - DATOS DE LONGITUD FIJA--INFORMACIÓN GENERAL
campo de control de longitud fija 070605s1930 it ||||1| ita d
100 1# - ENTRADA PRINCIPAL--NOMBRE DE PERSONA
Nombre de persona Tedesco-Zammarano, Vittorio.
9 (RLIN) 109511
245 13 - MENCIÓN DEL TÍTULO
Título Le colonie italiane di diretto dominio
Resto del título : fauna e caccia /
Mención de responsabilidad, etc. a cura di Vittorio Tedesco Zammarano.
260 ## - PUBLICACIÓN, DISTRIBUCIÓN, ETC.
Lugar de publicación, distribución, etc. Roma :
Nombre del editor, distribuidor, etc. [s.n.],
Fecha de publicación, distribución, etc. 1930 (
Fabricante Arti Grafiche)
300 ## - DESCRIPCIÓN FÍSICA
Extensión 222 p. ;
Dimensiones 22 cm.
852 ## - LOCALIZACIÓN
Ubicación ES-MaACL
Número de control de estantería A-4830
Sublocalización o colección R.16661
Holdings
Estatus retirado Estado de pérdida Estado de daño No para préstamo Biblioteca de origen Biblioteca actual Ubicación en estantería Fecha de adquisición Fuente de adquisición Total de préstamos Signatura topográfica completa Código de barras Visto por última vez Precio de reemplazo Tipo de ítem Koha
        Biblioteca del Ateneo de Madrid Biblioteca del Ateneo de Madrid Sala Pecera Planta 1 17/01/2008     A-4830 1134378 23/02/2023 23/02/2023 Libro impreso